| 000 | 00396nam a22001577a 4500 | ||
|---|---|---|---|
| 005 | 20240709125332.0 | ||
| 008 | 240705b |||||||| |||| 00| 0 eng d | ||
| 020 | _a978-81-931824-2-0 | ||
| 041 | _aeng | ||
| 100 |
_aBATRA, DINANATH _98392 |
||
| 245 | _aVIDHAYALAY GATIVIDHIYON KA AALAY | ||
| 260 |
_aNEW DELHI _bSHIKSHA SANSKRITI UTTHAN NYAS |
||
| 300 | _a211;p | ||
| 856 | _u44-L | ||
| 942 | _cBK | ||
| 999 |
_c8524 _d8522 |
||